Náklady - ekonomické, účtovné a daňové aspekty diplomová práca

Uložené v:
Podrobná bibliografia
Hlavný autor: Gažo, Štefan
Korporativný autor: Fakulta hospodárskej informatiky EU. Katedra účtovníctva a audítorstva
Ďalší autori: Baštincová, Anna
Médium: Kniha
Jazyk:Slovak
Vydavateľské údaje: Bratislava 2013
Tagy: Pridať tag
Žiadne tagy, Buďte prvý, kto otaguje tento záznam!

MARC

LEADER 00000nbm a2200000 4500
001 0182516
005 20170201102808.6
041 0 |a slo 
044 |a SK 
245 1 0 |a Náklady - ekonomické, účtovné a daňové aspekty  |b diplomová práca  |c Štefan Gažo ; školiteľ: Anna Baštincová 
264 1 |a Bratislava  |c 2013 
300 |a 70 s. 
100 1 |a Gažo, Štefan 
700 1 |a Baštincová, Anna 
710 2 |a Fakulta hospodárskej informatiky EU. Katedra účtovníctva a audítorstva